000 01156nam a2200313 a 4500
999 _c489943
_d489943
003 BLK
005 20250605135137.0
008 180413b bul|||||r ||||||| ||bul||
010 _aKNG00020158000
020 _a978-619-7691-15-3
040 _aBLK
041 _aBUL
_cBUL
080 _aБългарска литература
_b821.163.2
_x-1
_z821.163.2-1
100 _aЙорданов, Павлин Александров
_d1977 -
_gАвтор на поезия
_eпърви автор
_9486913
139 _aЙорданов, Павлин Александров
_bИ 83
245 1 0 _aПрозрения
_bстихове и смешки
_cПавлин Йорданов.
257 _aBGR
260 _aСофия
_bКолбис
_c2022
_9219647
_n978-954-
300 _a149 с.
_c21 см
380 _aX
500 _a Биогр. данни за авт. отбелязани на гърба на кор.
653 7 _9188130
_aкаламбури
653 7 _9186355
_aепиграми
856 4 _qpdf
_u
_i0.00
_ldisable
856 4 _qpdf
_u
_i0.00
_ldisable
942 _cKNG
_n0
_s1
944 _aCR
_c2023-03-23
_k30560
_lГеновева Генчева
999 _d489943